000 00655nam a22002297a 4500
003 UA-OsUOA
001 24431
007 ta
008 20040218b un ||||| |||| 00| 0 ukr d
100 _aФрумкина Р.М.
090 _a81'23(075.8)
_bФ93
942 _cBK
040 _aUA-OsUOA
_brus
_cUA-OsUOA
_dUA-OsUOA
245 _aПсихолингвистика: Учеб. пособие для студ. высш. учеб. заведений.
955 _a0
041 _arus
080 _a81'23(075.8)
260 _aМосква
_bИздат. центр "Академия"
_c2003
044 _aRU
650 7 _2UDC
999 _c310702
_d310702